私鉄路線が三路線以上乗り入れている駅 - Statistics

General Stats
  • This quiz has been taken 80 times
    62 since last reset
  • The average score is 45 of 81
Answer Stats
Answer 路線 % Correct
新宿・新宿西口・西武新宿 小田急小田原線・京王線・東京メトロ丸ノ内線など
98%
渋谷 東急東横線・東急田園都市線・京王井の頭線など
96%
池袋 東武東上線・西武池袋線・東京メトロ丸ノ内線など
94%
横浜 東急東横線・京急本線・相鉄本線など
94%
大手町 東京メトロ丸ノ内線・半蔵門線・千代田線など
92%
浅草 東武伊勢崎線・東京メトロ銀座線・都営浅草線
90%
押上 東武伊勢崎線・京成押上線・都営浅草線など
88%
北千住 東武伊勢崎線・東京メトロ千代田線・日比谷線など
88%
難波・大阪難波 南海本線・Osaka Metro御堂筋線・千日前線など
88%
上野・京成上野 京成本線・東京メトロ銀座線・日比谷線
81%
大阪梅田・梅田・西梅田・東梅田 阪急京都本線・阪急神戸本線・Osaka Metro御堂筋線など
81%
目黒 東急目黒線・東京メトロ南北線・都営三田線
81%
飯田橋 東京メトロ有楽町線・東西線・南北線など
79%
名古屋・近鉄名古屋・名鉄名古屋 名鉄名古屋本線・近鉄名古屋線・あおなみ線など
79%
銀座・銀座一丁目 東京メトロ銀座線・丸ノ内線・日比谷線など
77%
神戸三宮・三宮・三宮・花時計前 阪急神戸本線・阪急神戸高速線・阪神本線など
75%
新橋 東京メトロ銀座線・都営浅草線・ゆりかもめ
75%
天王寺・大阪阿部野橋 近鉄南大阪線・Osaka Metro御堂筋線・谷町線
75%
永田町・赤坂見附 東京メトロ有楽町線・半蔵門線・南北線など
75%
日比谷・有楽町 東京メトロ千代田線・日比谷線・都営三田線など
75%
市ヶ谷 東京メトロ南北線・有楽町線・都営新宿線
73%
国会議事堂前・溜池山王 東京メトロ銀座線・丸ノ内線・千代田線など
69%
春日・後楽園 東京メトロ銀座線・南北線・都営三田線など
67%
九段下 東京メトロ東西線・半蔵門線・都営新宿線
67%
西鉄福岡・天神・天神南 西鉄天神大牟田線・福岡市地下鉄空港線・七隈線
67%
秋葉原・岩本町 東京メトロ日比谷線・都営新宿線・つくばエクスプレス線
65%
新御茶ノ水・小川町・淡路町 東京メトロ丸ノ内線・千代田線・都営新宿線
65%
神保町 東京メトロ半蔵門線・都営新宿線・都営三田線
65%
新横浜 東急新横浜線・相鉄新横浜線・横浜市営地下鉄ブルーライン
65%
本町 Osaka Metro御堂筋線・中央線・四つ橋線
65%
金山 名鉄名古屋本線・名古屋市営地下鉄名港線・名城線
63%
小竹向原 西武有楽町線・東京メトロ有楽町線・副都心線
63%
日吉 東急東横線・東急新横浜線・横浜市営地下鉄4号線
63%
霞ヶ関 東京メトロ丸ノ内線・日比谷線・千代田線
60%
近鉄日本橋・日本橋 近鉄難波線・Osaka Metro千日前線・堺筋線
60%
日本橋 東京メトロ銀座線・東西線 ・都営浅草線
60%
大通 札幌市営地下鉄東豊線・東西線・南北線
58%
新鎌ヶ谷 東武野田線・京成松戸線・北総鉄道北総線など
58%
練馬 西武池袋線・西武有楽町線・西武豊島線など
58%
表参道 東京メトロ銀座線・半蔵門線・千代田線
56%
湘南台 小田急江ノ島線・相鉄いずみ野線・横浜市営地下鉄ブルーライン
56%
新宿三丁目 東京メトロ丸ノ内線・副都心線・都営新宿線
56%
青山一丁目 東京メトロ銀座線・半蔵門線・都営大江戸線
54%
小田原 小田急小田原線・箱根登山電車・伊豆箱根鉄道大雄山線
54%
大曽根 名鉄瀬戸線・名古屋市営地下鉄名城線・ゆとりーとライン
52%
栄・栄町 名鉄瀬戸線・名古屋市営地下鉄名城線・東山線
52%
十三 阪急京都本線・阪急神戸本線・阪急宝塚線
52%
新今宮・動物園前 南海本線・Osaka Metro御堂筋線・堺筋線
50%
心斎橋・四つ橋 Osaka Metro御堂筋線・長堀鶴見緑地線・四つ橋線
50%
淀屋橋・大江橋 京阪本線・京阪中之島線・Osaka Metro御堂筋線
50%
大阪上本町・谷町九丁目 近鉄大阪線・近鉄難波線・Osaka Metro千日前線など
48%
京成高砂 京成本線・京成成田空港線・京成金町線など
48%
新開地 阪急神戸高速線・阪神神戸高速線・神戸電鉄神戸高速線
48%
天満橋 京阪本線・京阪中之島線・Osaka Metro谷町線
48%
生駒 近鉄奈良線・近鉄生駒線・近鉄けいはんな線
44%
上野広小路・上野御徒町・仲御徒町 東京メトロ銀座線・日比谷線・都営大江戸線
44%
大和西大寺 近鉄奈良線・近鉄京都線・近鉄橿原線
44%
高速神戸・ハーバーランド 阪急神戸高速線・阪神神戸高速線・神戸市営地下鉄海岸線
42%
多摩センター・京王多摩センター・小田急多摩センター 京王相模原線・小田急多摩線・多摩都市モノレール線
42%
桑名・西桑名 近鉄名古屋線・養老鉄道養老線・三岐鉄道北勢線
40%
犬山 名鉄犬山線・名鉄小牧線・名鉄広見線
38%
橿原神宮前 近鉄橿原線・近鉄南大阪線・近鉄吉野線
38%
近鉄四日市・あすなろう四日市 近鉄名古屋線・近鉄湯の山線・四日市あすなろう鉄道内部線
38%
太田 東武伊勢崎線・東武桐生線・東武小泉線
35%
京成津田沼 京成本線・京成千葉線・京成松戸線
35%
天神橋筋六丁目 阪急千里線・Osaka Metro谷町線・堺筋線
35%
館林 東武伊勢崎線・東武佐野線・東武小泉線
31%
中百舌鳥・なかもず 南海高野線・南海泉北線・Osaka Metro御堂筋線
31%
瓦町 高松琴平電気鉄道琴平線・長尾線・志度線
29%
北浜・なにわ橋 京阪本線・京阪中之島線・Osaka Metro堺筋線
29%
東村山 西武新宿線・西武国分寺線・西武西武園線
29%
大門・モノレール浜松町 都営浅草線・都営大江戸線・東京モノレール羽田空港線
27%
伊勢中川 近鉄大阪線・近鉄名古屋線・近鉄山田線
25%
新長田 神戸市営地下鉄海岸線・西神線・山手線
25%
高幡不動 京王線・京王動物園線・多摩都市モノレール線
25%
松山市 伊予鉄道高浜線・郡中線・横河原線
25%
金沢八景 京急本線・京急逗子線・シーサイドライン
23%
桜川・汐見橋 南海高野線・阪神なんば線・Osaka Metro千日前線
21%
三条・三条京阪 京阪本線・京阪鴨東線・京都市営地下鉄東西線
21%
水天宮前・人形町 東京メトロ半蔵門線・日比谷線・都営浅草線
21%
空港第2ビル・東成田 京成成田空港線・京成本線・京成東成田線など
15%
No matching quizzes found
Score Distribution
Percent of People with Each Score
Percentile by Number Answered
Your Score History
You have not taken this quiz since the last reset